Statistics for Top 30 Nba 2k18 ratings

Click here to take the quiz!

General Stats

  • This quiz has been taken 1,626 times
  • The average score is 24 of 30

Answer Stats

RatingPlayer% Correct
Cleveland97Lebron James
100%
Golden State94Stephen Curry
100%
Houston95James Harden
99%
Golden State96Kevin Durant
99%
Oklahoma City94Russell Westbrook
99%
New Orleans94Anthony Davis
97%
San Antonio95Kawhi Leonard
95%
Houston91Chris Paul
94%
Golden State88Draymond Green
92%
Minnesota91Karl-Anthony-Towns
92%
Boston90Kyrie Irving
92%
Milwaukee91Giannis Antetokounmpo
91%
Washington90John Wall
90%
Oklahoma City91Paul George
89%
Portland89Damian Lillard
88%
New Orleans92Demarcus Cousins
84%
Cleveland87Kevin Love
84%
Minnesota90Jimmy Butler
83%
Memphis89Marc Gasol
81%
Denver88Nikola Jokic
81%
Toronto89Demar Derozan
80%
Toronto87Kyle Lowry
80%
Utah88Rudy Gobert
75%
Memphis87Mike Conley
71%
Boston88Gordon Hayward
64%
Cleveland89Isaiah Thomas
64%
Golden State90Klay Thompson
58%
Miami87Hassan Whiteside
53%
Los Angeles87Blake Griffin
46%
Denver87Paul Milsap
22%

Score Distribution

Percentile by Number Answered

Percent of People with Each Score

Your Score History

You have not taken this quiz